<?xml version="1.0" encoding="UTF-8"?>
<record
    xmlns:xsi="http://www.w3.org/2001/XMLSchema-instance"
    xsi:schemaLocation="http://www.loc.gov/MARC21/slim http://www.loc.gov/standards/marcxml/schema/MARC21slim.xsd"
    xmlns="http://www.loc.gov/MARC21/slim">

  <leader>00342nam a2200121Ia 4500</leader>
  <controlfield tag="005">20251222154306.0</controlfield>
  <controlfield tag="008">251222s9999||||xx |||||||||||||| ||spa||</controlfield>
  <datafield tag="082" ind1=" " ind2=" ">
    <subfield code="a">868.69/V23</subfield>
  </datafield>
  <datafield tag="100" ind1=" " ind2=" ">
    <subfield code="a">"Valle Incl&#xF3;n, Ram&#xF3;n Del "</subfield>
  </datafield>
  <datafield tag="245" ind1=" " ind2="0">
    <subfield code="a">"Sonata de oto&#xF1;o, sonata de invierno: Memorias del Marqu&#xE9;s de Bradomin"</subfield>
  </datafield>
  <datafield tag="250" ind1=" " ind2=" ">
    <subfield code="a">4a.ed.</subfield>
  </datafield>
  <datafield tag="942" ind1=" " ind2=" ">
    <subfield code="c">LIB</subfield>
  </datafield>
  <datafield tag="999" ind1=" " ind2=" ">
    <subfield code="c">33210</subfield>
    <subfield code="d">33210</subfield>
  </datafield>
  <datafield tag="952" ind1=" " ind2=" ">
    <subfield code="0">0</subfield>
    <subfield code="1">0</subfield>
    <subfield code="4">0</subfield>
    <subfield code="7">0</subfield>
    <subfield code="a">BTAR</subfield>
    <subfield code="b">BTAR</subfield>
    <subfield code="c">P01</subfield>
    <subfield code="d">2025-12-22</subfield>
    <subfield code="l">0</subfield>
    <subfield code="o">868.69/V23</subfield>
    <subfield code="p">0000251</subfield>
    <subfield code="r">2025-12-22 15:43:06</subfield>
    <subfield code="w">2025-12-22</subfield>
    <subfield code="y">LIB</subfield>
  </datafield>
</record>
